000
00276nam a2200109Ia 4500
008
190216s9999||||xx |||||||||||||| ||und||
100
_a
Tripathi Pc
245
0
_a
Personnel Management And Industrial Relations
260
_b
Sulthan Chand &co
_c
2000
300
_a
552p
942
_c
BK
999
_c
5879
_d
5879